000 00382nam a22001577a 4500
020 _a0534936245
040 _cNUST
082 _a515.15
_bSWO
100 _aSWOKOWSKI EARL W.
110 _aMICHAEL OLINICK, DENNIS PENCE,
_9125330
245 _aCALCULUS
250 _aSixth Edition
260 _aBoston:
_bPWS Publishing Company,
_c2000.
650 _aCALCULUS
942 _2ddc
_cBK
999 _c615355
_d615355